Loreto College Library, Kolkata
WEBOPAC (ONLINE PUBLIC ACCESS CATALOGUE)

Essentials of Education Technology (Record no. 36444)

MARC details
000 -LEADER
fixed length control field 00575nam a2200217Ia 4500
005 - DATE AND TIME OF LATEST TRANSACTION
control field 20240429145345.0
008 - FIXED-LENGTH DATA ELEMENTS--GENERAL INFORMATION
fixed length control field 131103s9999 xx 000 0 und d
020 ## - ISBN | অাই এস বি এন
ISBN | অাই এস বি এন 9.79E+12
PRICE Rs.395.00
040 ## - CATALOGING SOURCE
Original cataloging agency Loreto College
041 ## - LANGUAGE CODE
Language code English
082 ## - DDC | ডিউই
Classification number | বর্গসংখ্যা 371.33
Book Number | গ্রন্থাঙ্ক MAN
100 ## - MAIN ENTRY--PERSONAL NAME | মুখ্য সংলেখ - ব্যাক্তিনাম
Personal name | ব্যাক্তিনাম Mangal, S.K.
245 ## - TITLE STATEMENT | অাখ্যা বিবরণী
Title | অাখ্যা Essentials of Education Technology
Statement of responsibility | লেখকের দায়িত্বের বিবরণ S.K. Mangal and Uma Mangal
260 ## - IMPRINT | প্রকাশনা ক্ষেত্র
Place of publication | প্রকাশ স্থান New Delhi
Name of publisher | প্রকাশকের নাম PHI Learning
Date of publication | প্রকাশ কাল 2009
300 ## - PHYSICAL DESCRIPTION |
Page / Vol. No | পৃষ্ঠা / খন্ড সংখ্যা xxiv,812p.
650 ## - SUBJECT ADDED ENTRY--TOPICAL TERM | বিষয় শিরোনাম - মূল বিষয়
Topical term | মূল বিষয় Education
651 ## - SUBJECT ADDED ENTRY--GEOGRAPHIC NAME | বিষয় শিরোনাম - ভৌগলিক নাম
Geographic name | ভৌগলিক বিষয় Educational technology
700 ## - ADDED ENTRY--PERSONAL NAME | অতিরিক্ত সংলেখ - ব্
Personal name | ব্যাক্তিনাম Mangal, Uma
850 ## - HOLDING INSTITUTION
Holding institution LCBED
942 ## - ADDED ENTRY ELEMENTS (KOHA)
Koha item type Books
Holdings
Withdrawn status Lost status Source of classification Damaged status Not for loan Home library Current library Date acquired Total Checkouts Full call number Accession No. Date last seen Date checked out Price effective from Koha item type Coded location qualifier
    Dewey Decimal Classification     Loreto College Loreto College 04/11/2013 1 371.33 MAN 14650 B39492 17/01/2014 15/01/2014 04/11/2013 Books  
    Dewey Decimal Classification     Loreto College Loreto College 04/11/2013 2 371.33 MAN 14649 B39697 02/07/2025 14/05/2025 04/11/2013 Books